Do kogo należą rekordy torów F1 z sezonu 2021 - Statystyki

Ogólne statystyki
  • Ten quiz został rozwiązany 144 razy
  • Średni wynik to 18 z 22
Statystyki odpowiedzi
Tor Rok Czas Kierowca % Poprawnych
Portugalia 2020 1:16.652 Lewis Hamilton
100%
Monako 2019 1:10.166 Lewis Hamilton
100%
Węgry 2020 1:13.447 Lewis Hamilton
100%
Włochy 2020 1:18.887 Lewis Hamilton
100%
Australia 2019 1:20.486 Lewis Hamilton
100%
Brazylia 2017 1:11.044 Max Verstappen
94%
Bahrajn 2010 1:53.883 Sebastian Vettel
93%
Kanada 2018 1:10.764 Sebastian Vettel
93%
Francja 2019 1:32.740 Sebastian Vettel
93%
Japonia 2019 1:27.064 Sebastian Vettel
93%
USA 2017 1:37.766 Sebastian Vettel
93%
Abu Zabi 2009 1:40.279 Sebastian Vettel
93%
Włochy (Imola) 2020 1:13.609 Valtteri Bottas
88%
Wielka Brytania 2019 1:25.093 Valtteri Bottas
88%
Belgia 2018 1:46.286 Valtteri Bottas
88%
Meksyk 2018 1:18.741 Valtteri Bottas
88%
Azerbejdżan 2019 1:43.009 Charles Leclerc
82%
Rosja 2017 1:36.844 Kimi Raikkonen
68%
Hiszpania 2018 1:18.441 Daniel Ricciardo
65%
Austria 2020 1:05.619 Carlos Sainz
58%
Singapur 2018 1:41.905 Kevin Magnussen
36%
Holandia 2001 1:19.880 Luca Badoer
1%
Nie znaleziono quizów pasujących do podanych kryteriów
Rozkład punktacji
Procent ludzi z każdym wynikiem
Percentyl według liczby udzielonych odpowiedzi
Twoja historia wyników
Nie rozwiązałeś tego quizu